Olivia Rodrigo Songs - Sudden Death - Statistics

General Stats
  • This quiz has been taken 7,540 times
  • The average score is 10 of 29
Answers on the Grid
Answers color-coded by a green-red scale on the quiz's grid according to % correct below.
1 Step Forward, 3 Steps Back
All American B*tch
All I Want
Bad Idea Right?
Ballad of a Homeschooled Girl
Brutal
Can't Catch Me Now
Deja Vu
Drivers License
Driver's License
Enough for You
Favourite Crime
Get Him Back!
Girl I've Always Been
Good 4 U
The Grudge
Happier
Hope Ur Ok
Jealousy Jealousy
Lacy
Love is Embarrassing
Making the Bed
Obsessed
Pretty isn't Pretty
Scared of my Guitar
Teenage Dream
So American
Traitor
Vampire
Logical
Fortnight
Good Luck Babe!
Keep on Dancin'
because i liked a boy
Read Your Mind
when the party's over
WILDFLOWER
Bored
Who's Afraid of Little Old Me?
Innocent
Photograph
Whatever
Alive
Cardigan
Pretty Please
Good For You
Love Yourself
One Last Time
Don't Call Me Angel
Tell Me You Love Me
 
Answer Stats
Answer % Correct
Good 4 U
48%
Deja Vu
47%
Vampire
46%
Traitor
43%
Drivers License
42%
Brutal
41%
Bad Idea Right?
40%
Jealousy Jealousy
40%
All American B*tch
39%
1 Step Forward, 3 Steps Back
38%
Get Him Back!
38%
Favourite Crime
36%
Happier
36%
Lacy
35%
Ballad of a Homeschooled Girl
34%
So American
34%
Obsessed
33%
All I Want
32%
Can't Catch Me Now
32%
Hope Ur Ok
31%
Pretty isn't Pretty
30%
Love is Embarrassing
29%
Making the Bed
29%
The Grudge
29%
Logical
28%
Teenage Dream
28%
Enough for You
27%
Scared of my Guitar
26%
Girl I've Always Been
21%
No matching quizzes found
Score Distribution
Percent of People with Each Score
Percentile by Number Answered
Your Score History
You have not taken this quiz